| 000 | 00471nam a2200169Ia 4500 | ||
|---|---|---|---|
| 003 | LK-CoDNM | ||
| 005 | 20240924101036.0 | ||
| 008 | 010623t xxu||||| |||| 00| 1 eng d | ||
| 040 |
_aLK-CoDNM _dLK-CoDNM _eLK-CoDNM |
||
| 041 | _aeng | ||
| 080 |
_a15 _bD26.1 |
||
| 100 | _aSivagurunathan,V.S. | ||
| 245 | _aA Digest of Ceylon Cases : Reported During the Years 1940-1944 | ||
| 260 |
_bBoys Industrial home Press _aWellawatta |
||
| 300 | _b184p. ; 25 cm | ||
| 942 | _cBK | ||
| 999 |
_c133410 _d133410 |
||